000 00780na a2200253 4500
001 17091
003 MIRAKIL
005 20181213155217.0
008 161107b tu 000 0
035 _a17091
040 _aMilas
_btur
_cTR-AnCHP
041 _atur
082 _aCHP 324.2172
_bC85 2008
090 _aCHP 324.2172 C85 2008
110 _aCumhuriyet Halk Partisi
245 _aCumhuriyetciyiz.net yazıları
_b2008 temmuz-ağustos-eylül-ekim
_cCumhuriyet Halk Partisi
246 _a2008 temmuz-ağustos-eylül-ekim
260 _a[Ankara]
_b[CHP]
_c2008
300 _a[600 s.]
_c30 sm.
610 _aCumhuriyet Halk Partisi
_xSiyasal yaşam
_yGörüşler, 2008
651 _aTürkiye
_xSiyaset ve yönetim
_y2002-
830 _aCHP Yayınları
942 _2ddc
_cBKS
999 _c8579
_d8579